El mono imitamonos

Enregistré dans:
Détails bibliographiques
Auteur principal: Armijo, Consuelo (Auteur)
Format: Livre
Langue:espagnol
Publié: Madrid Ediciones SM 1996
Édition:5a. ed
Sujets:
Tags: Ajouter un tag
Pas de tags, Soyez le premier à ajouter un tag!

MARC

LEADER 00000cam a2200000 a 4500
001 UCF7465
003 CL-VaPUC
008 130627e19960000SP |||||||||||||||||spa|d
020 |a 8434812851 
082 0 4 |a 863  |b ARM  |2 21 
100 0 |a Armijo, Consuelo  |e author  |9 569506 
245 1 3 |a El mono imitamonos 
250 |a 5a. ed 
300 |a 58 p 
942 |c BK 
945 |d 20130627 00:00:00  |a cmena 
260 |a Madrid  |b Ediciones SM  |c 1996 
650 7 |a RELATOS ESPAÑOLES  |2 CL-VaPUC  |9 386875 
650 0 |a Literatura infantil   |9 307465 
650 0 |a Literatura infantil española  |9 415887 
583 |a last modification  |c 20130627 13:18:00  |k Rodrigo Vera 
999 |c 352294  |d 352292